Richie ; the ultimate tragedy between one decent man and the son he loved.

Bibliographic Details
Main Author: Thompson, Thomas, 1934-
Format: Book
Language:English
Published: New York : Saturday Review Press, [1973]
Subjects:

MARC

Tag First Indicator Second Indicator Subfields
LEADER 00000cam a2200000 4500
001 in00000453613
005 20151012095359.0
008 730518s1973 nyua 00000beng
010 |a  72088667  
019 |a 1048695 
020 |a 0841502498 
035 |a (OCoLC)00631339 
035 |9 ABZ0790AM 
040 |a DLC  |c DLC  |d TXA  |d UtOrBLW 
043 |a n-us-ny 
049 |a TXAM  |c [1017368] 
050 0 0 |a HV5833.N45  |b T48 
082 0 |a 362.2/93/0974  |a [B] 
100 1 |a Thompson, Thomas,  |d 1934- 
245 1 0 |a Richie ;  |b the ultimate tragedy between one decent man and the son he loved. 
264 1 |a New York :  |b Saturday Review Press,  |c [1973] 
300 |a 308 pages :  |b illustrations ;  |c 22 cm. 
336 |a text  |b txt  |2 rdacontent 
337 |a unmediated  |b n  |2 rdamedia 
338 |a volume  |b nc  |2 rdacarrier 
600 1 0 |a Diener, George Richard,  |d 1954-1972. 
650 0 |a Youth  |x Drug use  |z New York (State)  |z New York  |x Case studies. 
650 0 |a Fathers and sons  |x Case studies. 
999 |a MARS 
999 f f |s da8d443a-a83b-371e-aaa0-fb2f92afae73  |i 39cd3bc7-95fa-3ff3-83d9-1ba9fe699a2c  |t 0 
952 f f |p ric  |a Texas A&M University  |b Rellis Campus  |c Joint Library Facility  |d Remote Storage  |t 0  |e HV5833.N45 T48  |h Library of Congress classification  |i unmediated -- volume  |m A14803030904 
998 f f |a HV5833.N45 T48  |t 0  |l Remote Storage